[Event "AUTO-OPEN-1379"]
[Site "http://www.queenalice.com/game.php?id=512006"]
[Date "2008.12.24"]
[Round "1"]
[White "carlosfed"]
[Black "RonaldoSantos"]
[Result "0-1"]
[WhiteElo "1934"]
[BlackElo "1930"]

1. e4 c5 2. Bc4 a6 3. Nf3 Nc6 4. a3 Nf6 5. d3 g6 6. Ng5 e6 7. Qf3 Nd4 8. Qd1 d5
9. exd5 exd5 10. Ba2 Qe7+ 11. Be3 Ng4 12. O-O Nxe3 13. fxe3 Qxe3+ 14. Kh1 Qxg5
15. Nc3 Be6 16. Re1 Be7 17. Ne2 Nxe2 18. Qxe2 O-O 19. c4 dxc4 20. Bxc4 Bxc4 21.
dxc4 Rfe8 22. Qf3 Rab8 23. Rad1 Qf6 24. Qb3 b5 25. Rd7 Qf2 26. Qd1 Bf6 27. Rf1
Qxb2 28. cxb5 Re2 29. Qd5 Rf8 30. Rg1 Bd4 31. Rf1 Rf2 32. Rd1 Qe2 0-1

[Event "AUTO-OPEN-1379"]
[Site "http://www.queenalice.com/game.php?id=512007"]
[Date "2008.12.24"]
[Round "1"]
[White "RonaldoSantos"]
[Black "arniecoruja"]
[Result "1-0"]
[WhiteElo "1944"]
[BlackElo "1766"]

1. e4 e5 2. Nf3 Qe7 3. Nc3 Nf6 4. Bc4 d6 5. h3 Be6 6. Bxe6 Qxe6 7. O-O h6 8. d4
Nbd7 9. Nb5 Qc4 10. a4 a6 11. b3 Qc6 12. d5 Qb6 13. Be3 Nc5 14. Nc3 g5 15. a5
Qa7 16. b4 O-O-O 17. bxc5 dxc5 18. Nxe5 Rh7 19. Qf3 Be7 20. Na4 h5 21. Rfb1 g4
22. Qf5+ Kb8 23. Nc6+ 1-0

[Event "AUTO-OPEN-1379"]
[Site "http://www.queenalice.com/game.php?id=512008"]
[Date "2008.12.24"]
[Round "1"]
[White "arniecoruja"]
[Black "RonaldoSantos"]
[Result "0-1"]
[WhiteElo "1776"]
[BlackElo "1934"]

1. e4 c5 2. Nf3 a6 3. d4 cxd4 4. Nxd4 e5 5. Nf5 d5 6. Ng3 d4 7. f4 Nc6 8. f5 Nf6
9. Bd2 Qb6 10. b3 Bb4 11. Bxb4 Qxb4+ 12. Nd2 O-O 13. Qe2 Qc3 14. Qd1 Nb4 15. Ne2
Nxc2+ 16. Kf2 Qe3# 0-1

[Event "AUTO-OPEN-1379"]
[Site "http://www.queenalice.com/game.php?id=512009"]
[Date "2008.12.24"]
[Round "1"]
[White "RonaldoSantos"]
[Black "LeoDZeppelin"]
[Result "1-0"]
[WhiteElo "1942"]
[BlackElo "1606"]

1. e4 e5 2. Nf3 Nf6 3. Bc4 Nxe4 4. d3 Nf6 5. Nxe5 d5 6. Bb3 Be6 7. O-O Bd6 8. f4
O-O 9. d4 Ne4 10. Nd2 Nxd2 11. Bxd2 Nc6 12. c3 Nxe5 13. fxe5 Be7 14. Bc2 Bg5 15.
Qh5 g6 16. Qxg5 Qd7 17. Qf6 Bf5 18. Bh6 1-0

[Event "AUTO-OPEN-1379"]
[Site "http://www.queenalice.com/game.php?id=512010"]
[Date "2008.12.24"]
[Round "1"]
[White "LeoDZeppelin"]
[Black "RonaldoSantos"]
[Result "1-0"]
[WhiteElo "1554"]
[BlackElo "1818"]

1. e4 c5 2. Bc4 a6 3. Qf3 e6 4. d3 Nc6 5. a3 Nd4 6. Qd1 d5 7. exd5 exd5 8. Ba2
Nf6 9. Bg5 Be7 10. Bxf6 Bxf6 11. c3 Nc6 12. Nd2 O-O 13. Ngf3 Re8+ 14. Kf1 Bg4
15. h3 Bxf3 16. Qxf3 Ne5 17. Qxd5 Qxd5 18. Bxd5 Nxd3 19. Rb1 Re5 20. Bxb7 Rb8
21. Bxa6 Rd8 22. Bxd3 Rxd3 23. Nc4 Re4 24. Ne3 Bg5 25. Ng4 1-0

[Event "AUTO-OPEN-1406"]
[Site "http://www.queenalice.com/game.php?id=524111"]
[Date "2009.1.17"]
[Round "1"]
[White "igorzz"]
[Black "RonaldoSantos"]
[Result "1-0"]
[WhiteElo "2145"]
[BlackElo "1945"]

1. e4 c5 2. Nf3 a6 3. d4 cxd4 4. Nxd4 e5 5. Nf3 Nc6 6. Bc4 h6 7. Nc3 Nf6 8. a3
Bc5 9. O-O O-O 10. b4 Bb6 11. Qd6 Bc7 12. Qd3 b5 13. Bb3 Bb7 14. Nd5 Nxd5 15.
exd5 Nd4 16. Nxd4 exd4 17. Qxd4 Bb6 18. Qf4 Rc8 19. Bb2 Qg5 20. Qxg5 hxg5 21. a4
Rfe8 22. axb5 axb5 23. Rfe1 Kf8 24. h3 Rxe1+ 25. Rxe1 f6 26. Kf1 Re8 27. Rd1 d6
28. Re1 Rxe1+ 29. Kxe1 Kf7 30. Ke2 g6 31. f3 f5 32. Kd3 Bc8 33. c4 bxc4+ 34.
Kxc4 Bd7 35. Bc1 g4 36. fxg4 fxg4 37. hxg4 Bxg4 38. Kb5 Bd8 39. Kc6 Be7 40. b5
Ke8 41. b6 Bd7+ 42. Kb7 1-0

[Event "AUTO-OPEN-1406"]
[Site "http://www.queenalice.com/game.php?id=524112"]
[Date "2009.1.17"]
[Round "1"]
[White "RonaldoSantos"]
[Black "igorzz"]
[Result "0-1"]
[WhiteElo "1953"]
[BlackElo "2125"]

1. e4 e5 2. Nf3 Nc6 3. Bc4 Bc5 4. Nc3 Nf6 5. a3 d6 6. h3 O-O 7. d3 Be6 8. Bxe6
fxe6 9. Bg5 h6 10. Bh4 Qd7 11. Qd2 g5 12. Bg3 Nh5 13. O-O-O a6 14. Bh2 Kg7 15.
Rdf1 Qe7 16. h4 g4 17. Nxe5 dxe5 18. f3 g3 19. Bg1 Bxg1 20. Rfxg1 b5 21. Ne2 Qc5
22. Rf1 a5 23. f4 b4 24. fxe5 bxa3 25. d4 a2 0-1

[Event "AUTO-OPEN-1406"]
[Site "http://www.queenalice.com/game.php?id=524133"]
[Date "2009.1.17"]
[Round "1"]
[White "li2carpio"]
[Black "RonaldoSantos"]
[Result "1-0"]
[WhiteElo "1756"]
[BlackElo "1880"]

1. e4 c5 2. Nf3 a6 3. Nc3 Nc6 4. a3 d6 5. Bc4 Nf6 6. d3 Bg4 7. h3 Bxf3 8. Qxf3
Ne5 9. Qe2 e6 10. Bg5 Be7 11. O-O O-O 12. Bb3 Ng6 13. f4 d5 14. exd5 exd5 15. f5
Nh8 16. Rab1 Re8 17. Qf3 c4 18. dxc4 dxc4 19. Bxc4 Qd4+ 20. Kh1 1-0

[Event "AUTO-OPEN-1406"]
[Site "http://www.queenalice.com/game.php?id=524134"]
[Date "2009.1.17"]
[Round "1"]
[White "RonaldoSantos"]
[Black "li2carpio"]
[Result "0-1"]
[WhiteElo "1859"]
[BlackElo "1777"]

1. e4 c5 2. Nf3 Nc6 3. d4 cxd4 4. Nxd4 d6 5. Nc3 Nf6 6. Be3 e6 7. f3 Be7 8. Bc4
Bd7 9. f4 O-O 10. g4 Nxd4 11. Bxd4 Qc7 12. Qe2 a6 13. g5 Ne8 14. O-O-O b5 15.
Bb3 Qc6 16. f5 a5 17. g6 fxg6 18. fxg6 hxg6 19. Nxb5 Qxb5 0-1

[Event "AUTO-OPEN-1259"]
[Site "http://www.queenalice.com/game.php?id=530327"]
[Date "2009.1.27"]
[Round "2"]
[White "kasker"]
[Black "RonaldoSantos"]
[Result "1-0"]
[WhiteElo "2335"]
[BlackElo "1944"]

1. e4 c5 2. Nf3 d6 3. d4 cxd4 4. Nxd4 Nf6 5. Nc3 g6 6. Be3 Bg7 7. Be2 O-O 8. Nb3
Nc6 9. f4 a6 10. O-O b5 11. a4 b4 12. Nd5 Nxe4 13. Bf3 e6 14. Nb6 1-0

[Event "AUTO-OPEN-1259"]
[Site "http://www.queenalice.com/game.php?id=530328"]
[Date "2009.1.27"]
[Round "2"]
[White "RonaldoSantos"]
[Black "kasker"]
[Result "0-1"]
[WhiteElo "1937"]
[BlackElo "2367"]

1. e4 c5 2. Nf3 a6 3. d4 cxd4 4. Nxd4 Nf6 5. Nc3 e5 6. Nb3 Bb4 7. Bc4 Qc7 8. Qe2
Bxc3+ 9. bxc3 b5 10. Bd5 Nxd5 11. exd5 Qxc3+ 12. Bd2 Qc7 13. O-O d6 14. f4 Nd7
15. Ba5 Qa7+ 16. Kh1 O-O 17. fxe5 Nxe5 18. Bc3 Re8 19. Rae1 Bg4 20. Qe4 Bh5 21.
Qf5 Bg6 22. Qf4 Qc7 23. Qg3 Rac8 24. Re3 Qc4 25. Rf4 Qxd5 26. Rd4 Qc6 27. a4
bxa4 28. Na5 Qb5 0-1

[Event "AUTO-OPEN-1317"]
[Site "http://www.queenalice.com/game.php?id=534637"]
[Date "2009.2.4"]
[Round "2"]
[White "RonaldoSantos"]
[Black "heidy"]
[Result "0-1"]
[WhiteElo "1886"]
[BlackElo "2135"]

1. e4 c5 2. Nf3 e6 3. d4 cxd4 4. Nxd4 a6 5. Nc3 d6 6. Be3 Be7 7. Bc4 Nf6 8. f4
Nbd7 9. g4 b5 10. Bxe6 fxe6 11. g5 Nc5 0-1

[Event "AUTO-OPEN-1317"]
[Site "http://www.queenalice.com/game.php?id=534639"]
[Date "2009.2.4"]
[Round "2"]
[White "RonaldoSantos"]
[Black "goldenboy"]
[Result "0-1"]
[WhiteElo "1916"]
[BlackElo "2086"]

1. d4 d5 2. c4 c6 3. Bf4 Nf6 4. h3 e6 5. a3 dxc4 6. e3 Qa5+ 7. Nc3 Nd5 8. Ne2
Nd7 9. e4 Nxc3 10. Nxc3 b5 11. Bd2 Qb6 12. Be3 c5 13. d5 b4 14. Na4 Qa5 15. axb4
cxb4 16. dxe6 fxe6 17. Bxc4 Qe5 18. f3 Qg3+ 19. Bf2 Qxg2 0-1

[Event "AUTO-OPEN-1317"]
[Site "http://www.queenalice.com/game.php?id=534640"]
[Date "2009.2.4"]
[Round "2"]
[White "goldenboy"]
[Black "RonaldoSantos"]
[Result "1-0"]
[WhiteElo "2066"]
[BlackElo "1935"]

1. e4 c5 2. Nf3 a6 3. d4 cxd4 4. Nxd4 e5 5. Nf3 Nc6 6. Bc4 h6 7. O-O Nf6 8. Nc3
Bc5 9. h3 O-O 10. Nh4 Nxe4 11. Nxe4 Bxf2+ 12. Rxf2 Qxh4 13. Nd6 Nd8 14. Qg4 Qxg4
15. hxg4 b5 16. Bd5 Rb8 17. Be3 Bb7 18. Ba7 1-0